000 00944nam a2200277 a 4500
999 _c479984
_d479984
003 BLK
005 20250616092845.0
008 221110b bul|||||r ||||||| ||bul||
010 _aKNG00156355000
020 _a9786199141946
040 _aBLK
041 _aBUL
_cBUL
080 _aБългарска литература
_b821.163.2
_x-32
_z821.163.2-32
100 1 _aСтоянов, Христо Недков
_eпърви автор
_9286475
139 _aСтоянов, Христо Недков
_bС 83
245 1 0 _aДетство за пораснали
_b66 разказа и едно предчувствие
_cХристо Недков Стоянов.
257 _aBGR
260 _a[Варна]
_bХри100
_c2022
300 _a224 с.
_c21 см
380 _aX
852 _c821.163.2-32/С 83 Х
856 4 _qpdf
_i0.00
_ldisable
856 4 _qpdf
_i0.00
_ldisable
942 _cKNG
_n0
_011
_s1
944 _c2022-11-10
_k30530
_lМинев Младен